The national and tate galleries
Kaydedildi:
| Yazar: | |
|---|---|
| Materyal Türü: | Kitap |
| Dil: | İngilizce |
| Baskı/Yayın Bilgisi: |
Londres
T. Nelson & Sons
1900
|
| Konular: | |
| Etiketler: |
Etiketle
Etiket eklenmemiş, İlk siz ekleyin!
|
MARC
| LEADER | 00000nam a2200000 a 4500 | ||
|---|---|---|---|
| 001 | UCZ4112 | ||
| 003 | CL-VaPUC | ||
| 008 | 951106e19000000UK |||||||||||||||||eng|d | ||
| 082 | 0 | 4 | |a 708.2 |b WIL |2 21 |
| 100 | 0 | |a Wilson, R. N. D |e author |9 348041 | |
| 245 | 1 | 4 | |a The national and tate galleries |
| 300 | |a 100 p | ||
| 942 | |c BK | ||
| 945 | |d 19951106 00:00:00 |a rleighto | ||
| 260 | |a Londres |b T. Nelson & Sons |c 1900 | ||
| 650 | 7 | |a GALERIAS DE ARTE |2 CL-VaPUC |9 348042 | |
| 650 | 0 | |a Museos de arte |9 265235 | |
| 650 | 7 | |a COLECCIONES |2 CL-VaPUC |9 266014 | |
| 650 | 7 | |a EXPOSICIONES ARTISTICAS |2 CL-VaPUC |9 348043 | |
| 650 | 0 | |a Artes decorativas |9 266306 | |
| 650 | 0 | |a Artistas |9 262026 | |
| 651 | 7 | |a LONDRES |2 CL-VaPUC |9 348044 | |
| 651 | 0 | |a Inglaterra |9 255158 | |
| 583 | |a last modification |c 19951106 00:00:00 |k Rodrigo Vera | ||
| 999 | |c 240533 |d 240531 | ||
| 952 | |0 0 |1 0 |4 0 |6 708_200000000000000_WIL_1900 |7 0 |8 R |9 252458 |a BIBART |b BIBART |d 2019-11-18 |i 3143007 |o 708.2 WIL 1900 |p 3143007 |r 2025-03-13 |w 2019-11-18 |y BK_R |k ART | ||